000 nam a22 a 4500
999 _c161986
_d161986
003 BLK
005 20230504152408.0
008 180410b bul|||||r ||||||| ||bul||
010 _aKNG00169350000
040 _aBLK
041 _aBUL
_cBUL
072 7 _2bullib
_aК
_xКраезнание
072 7 _2bullib
_aЦ
_xРедки и ценни
080 _aБългарска литература
_b821.163.2
_x-1
_z821.163.2-1
100 1 _aМихаил Стефанович
_d1840-1889
_9400245
139 _aСтефанович, Михаил
_bС 75
245 1 0 _aЛира
_bИстор. и обстоятелствени стихотворения
_cМихаил Стефанович.
257 _aBGR
260 _aРусе
_bИзд. авт.
_c1880
_fРусчук : печ. Н. К. Жейнов
300 _a40 с.
_c21 см
380 _aX
490 _9435080
_aКолекция Редки и ценни издания
852 _aРб 880
_bРц
852 _a821.163.2/С 75 М
_bК
856 4 _qpdf
_i0.00
_lreg users access
_fЛира
_uhttp://185.138.176.146:18082/cgi-bin/koha/opac-retrieve-file.pl?id=8541e6790cb1121c371a27d598daf69a
_xebook
_zЛира
856 4 _qpdf
_i0.00
_ldisable
942 _cKNG
_n0
_s1
944 _aCR
_c09.01.2015
_l09.01.2015 - от С1,Р / 09.01.2015
_kВаля_Йорданова
944 _aED
_c2023-04-11
_kКети
999 _d161986
999 _d161986